| 000 | 01447nam a22003257a 4500 | ||
|---|---|---|---|
| 003 | OSt | ||
| 005 | 20260416145518.0 | ||
| 008 | 260413t2001 xxu||||| |||| 00| 0 spa d | ||
| 020 | _a9788474328967 | ||
| 020 | _a8474328969 | ||
| 040 |
_aUnicoc _bspa _c00001 _d00001 |
||
| 082 | _a001.42 | ||
| 100 |
_912911 _aEco, Humberto |
||
| 245 |
_aCómo se hace una tesis _b: Técnicas y procedimientos de estudio, investigación y escritura _c/ Humberto Eco |
||
| 250 | _a1 Ed. | ||
| 260 |
_aEspaña : _bGedisa , _c2001. |
||
| 300 |
_a253 páginas _bTablas |
||
| 440 |
_910584 _aBiblioteca de la nueva educación |
||
| 505 |
_tI. Que es una tesis doctoral y para qué sirve. -- _tII. La elección del tema. -- _tIII. La búsqueda del material. -- _tIV. El plan de trabajo y las fichas. -- _tV. La redacción. -- _tVI. La redacción definitiva. |
||
| 526 | _5Unicoc | ||
| 546 | _aEspañol | ||
| 650 | 0 |
_91573 _aTesis y disertaciones académicas. _xMetodología |
|
| 650 | 0 |
_94249 _aInvestigación científica |
|
| 650 | 0 |
_91575 _aNorma - Redacción de escritos técnicos. _xTrabajos de grado |
|
| 650 | 0 |
_912912 _aTécnicas de investigación |
|
| 658 | 0 |
_98008 _aPrograma de Derecho |
|
| 658 | 0 |
_910741 _aPrograma de Psicología |
|
| 856 |
_yAcceso online exclusivo para comunidad Unicoc. _uhttps://unicoceduco-my.sharepoint.com/:b:/g/personal/direccionbiblioteca_unicoc_edu_co/IQDtieQIBloQQqECsq3RfN1aAdHCpS9DkrtrjH_G8_RRBxo |
||
| 942 |
_2ddc _cEBOOK |
||
| 999 |
_c10835 _d10835 |
||